Как да основем собствена фирма (Запис номер 737)
[ съкратено ]
| 000 -Лидер | |
|---|---|
| Контролно поле с фиксирана дължина | 01923nam a2200373 a 4500 |
| 003 - Код на организацията, давaща контролен номер | |
| Контролно поле | BLK |
| 005 - Дата и час на последна редакция | |
| Контролно поле | 20230613142658.0 |
| 008 - Елементи от данни с фиксирана дължина | |
| fixed length control field | 180412b bul|||||r ||||||| ||bul|| |
| 010 ## - Наследен системен номер | |
| LC control number | KNG00001294000 |
| 040 ## - Източник на каталожния запис | |
| Идентификатор на билиотеката - собственик на записа | BLK |
| 041 ## - Код за език | |
| Код за езика на текст/звукозапис или на отделно заглавие | Български |
| Код за езика КДБФ | Български |
| 080 ## - УДК | |
| Текстов определител УДК | Форми на предприятията в зависимост от отношението към собствеността... |
| УДК код - определител по УДК | 334.72 |
| УДК определител | .008(035) |
| УДК - код + определител | 334.72.008(035) |
| 080 ## - УДК | |
| Текстов определител УДК | Управление на предприятията. Организация на производството, търговията, транспорта и съобщенията. Полиграфическа промишленост и издателско дело |
| УДК код - определител по УДК | 005 |
| УДК определител | .012(035) |
| УДК - код + определител | 005.012(035) |
| 100 1# - Редна дума - Автор | |
| Автор | Морис, Майкъл |
| Авторска отговорност | първи автор |
| R(LIN) | 242922 |
| 139 ## - Редно поле | |
| Редна дума | Морис, Майкъл |
| Авторски знак | Мор - М 89 |
| 245 10 - Сведения за заглавието | |
| Заглавие | Как да основем собствена фирма |
| Подзаглавни данни | Пътеводител |
| Редно поле (дума) | Майкъл Морис. |
| 257 ## - Страна на издаване | |
| Страна на създаване/издаване | Великобритания |
| 260 ## - Област на издателските данни | |
| Място на издаване, разпространение и проч. | Бургас |
| Име на издателя, разпространителя и проч. | Делфин прес |
| Година на издаване | 1993 |
| 300 ## - Физическа характеристика | |
| Страници | 207 с. |
| Илюстрации и др. | с табл., диагр. |
| Размери/Мащаб | 24 см |
| 380 ## - Жанр | |
| Жанр | Обществени науки |
| 490 ## - СЕРИИ (Колекции) | |
| Име на серия | Библиотека Изкуството на бизнеса |
| №: серия | 13 |
| 500 ## - Общи забележки | |
| Забележка | Деп. списък: 14 Ориг. загл. Starting a successful small businness / M. J. Morris ; 2 000 тир |
| 650 #4 - Допълнително описание по предмет – тема | |
| Основно описание – тема или топоним | Фирми - организация и управление - наръчници и ръководства |
| 9 (RLIN) | 242923 |
| 650 #4 - Допълнително описание по предмет – тема | |
| Основно описание – тема или топоним | Управление - фирми - наръчници и ръководства |
| 9 (RLIN) | 242924 |
| 650 #4 - Допълнително описание по предмет – тема | |
| Основно описание – тема или топоним | Маркетинг - наръчници и ръководства |
| 9 (RLIN) | 242925 |
| 653 ## - Ключова дума – ненормативна | |
| Ключова дума | фирми |
| 852 ## - Местоположение | |
| Форматна сигнатура | Цб 176336 |
| Фондова буква | Хранилище |
| 856 4# - Електронен адрес и достъп | |
| Електронен формат | pdf - файл |
| Път до файла /url/ | |
| 856 4# - Електронен адрес и достъп | |
| Електронен формат | pdf - файл |
| Път до файла /url/ | |
| 942 ## - АРТИКУЛИ | |
| Вид на библиотечния материал | Книги |
| Скрит в OPAC | Не |
| Koha issues (borrowed), all copies | 2 |
| 944 ## - СЪЗДАВАНЕ И РЕДАКЦИЯ на ЗАПИСА | |
| Създаване/Редакция | Създаване |
| Дата на регистрацията/редакция | 05.06.2003 |
| Служител, извършил регистрацията/редакцията | Наталия_Медовщикова |
| 944 ## - СЪЗДАВАНЕ И РЕДАКЦИЯ на ЗАПИСА | |
| Създаване/Редакция | Редакция |
| Дата на регистрацията/редакция | 08.11.2005 |
| 999 ## - СИСТЕМНИ КОНТРОЛНИ НОМЕРА | |
| Koha biblionumber | 737 |
| Koha biblioitemnumber | 737 |
| 999 ## - СИСТЕМНИ КОНТРОЛНИ НОМЕРА | |
| Koha biblioitemnumber | 737 |
| Код за отписване | Код за изгубен артикул | Източник на класификационната схема | Код за повреда | Коз за рестрикции | Код за отдаване | Артикулен № | Име на библиотеката - собственик | Име на библиотеката, в която се намира в момента | Статус (Текущо местоположение) | Дата на вписване в системата | Местоположение - отдел | Цена в лева | Инвентарен номер | Систематично азбучна сигнатура | Баркод | Номер на екземпляра | Цена в евро | Служебна бележка | Служебен тип на артикула |
|---|---|---|---|---|---|---|---|---|---|---|---|---|---|---|---|---|---|---|---|
| Не е изгубен | Universal Decimal Classification | Не е повреден | без рестрикции | заемане за дома | 1523 | Регионална библиотека "Любен Каравелов" Русе | Регионална библиотека "Любен Каравелов" Русе | Заемна - подръчен фонд | 2001-01-01 | Заемна - подръчен фонд | 3.24 | 617253 | П 334.7/М 89 | 120000617253 | 1 | 1.66 | Дост: Pk Вид: Ф N: стар фонд Дата: 01.01.1993 Дата инв: 06.02.2018 Бележки инв: П2018 | Книги | |
| Не е изгубен | Universal Decimal Classification | Не е повреден | без рестрикции | ползва се в читалня | 1524 | Регионална библиотека "Любен Каравелов" Русе | Регионална библиотека "Любен Каравелов" Русе | Хранилище | 1993-01-01 | Хранилище | 0.00 | 601413 | Цб 176336 | 120000601413 | 2 | 0.00 | Дост: Dp Вид: Д N: стар фонд Дата: 01.01.1993 | Книги |